=LDR 00000nam 2200000 4500 =001 INLIS000000000031885 =005 20130612133928 =008 ***********************************Ind** =035 ##$$a0010-061300000031885 =041 ##$$a Ind =082 ##$$a 2x4.1 =090 ##$$a 2x4.1, Hus s =100 ##$$a Husain, Syarif H =245 ##$$a Salat dalam mazhab ahlulbait, Syarif Hidayatullah Husain =260 ##$$a 1428 $b Jakarta =300 ##$$a 391 hlm, 21 cm =650 ##$$a Salat =850 ##$$a NBPNMAT =990 ##$$a 21400613/BPAP-NTB/20142014 =990 ##$$a 0001/BPAP-NTB/20142014